000 00438nam a2200169Ia 4500
003 GCL
008 140319s9999 xx 000 0 ara d
040 _aGCL /
_cGCL
082 0 4 _a818
_bع ر
100 1 _aعبدالوهاب مطاوع
245 1 0 _aرسائل محترقة /
_cعبدالوهاب مطاوع
300 _a230 ص
490 _a
650 0 4 _aالقصص العربية
650 0 4 _aالمقالات
942 _2ddc
_cBK
999 _c40943
_d40943